<The> Relevance of the Sapir – Whorf Hypothesis to Contemporary Research in Linguistics
Vzťahy medzi jazykom, myšlienkou a kultúrou/spoločnosťou. Sapirova-Whorfova hypotéza (SWH): filozofické korene a súčasný význam v lingvistickom výskume. Lingvistický relativizmus amerických antropológov, lingvistická antropológia. Pohľad slova. Orwellov newspeak (z románu 1984) ako ilustrácia lingvi...
Na minha lista:
| Autor principal: | |
|---|---|
| Formato: | Capítulo de Livro |
| Idioma: | inglês |
| Assuntos: | |
| Tags: |
Sem tags, seja o primeiro a adicionar uma tag!
|
MARC
| LEADER | 00000naa$a2200000$$$4500 | ||
|---|---|---|---|
| 001 | 0248298 | ||
| 005 | 20240502073954.6 | ||
| 041 | 0 | |a eng | |
| 044 | |a SK | ||
| 245 | 1 | 0 | |a <The> Relevance of the Sapir – Whorf Hypothesis to Contemporary Research in Linguistics |c Daniela Breveníková |
| 520 | |a Vzťahy medzi jazykom, myšlienkou a kultúrou/spoločnosťou. Sapirova-Whorfova hypotéza (SWH): filozofické korene a súčasný význam v lingvistickom výskume. Lingvistický relativizmus amerických antropológov, lingvistická antropológia. Pohľad slova. Orwellov newspeak (z románu 1984) ako ilustrácia lingvistického relativizmu. | ||
| 610 | 2 | 0 | |a jazykoveda |
| 610 | 2 | 0 | |a výskum |
| 610 | 2 | 0 | |a hypotézy |
| 610 | 2 | 0 | |a kultúra |
| 610 | 2 | 0 | |a spoločnosť |
| 610 | 2 | 0 | |a politika |
| 610 | 2 | 0 | |a politológia |
| 610 | 2 | 0 | |a komunikácia |
| 610 | 2 | 0 | |a filozofia |
| 610 | 2 | 0 | |a literatúra |
| 100 | 1 | |a Breveníková, Daniela | |